Le Robert et Nathan : (رقم التسجيلة. 154167)

تفاصيل مارك
000 -LEADER
fixed length control field 00754cam a2200265 i 4500
008 - FIXED-LENGTH DATA ELEMENTS--GENERAL INFORMATION
fixed length control field 190520s1995 fr b 001 0bfre d
020 ## - INTERNATIONAL STANDARD BOOK NUMBER
International Standard Book Number 9782091803289
040 ## - CATALOGING SOURCE
Original cataloging agency EG-GiCUC
Language of cataloging fre
Transcribing agency EG-GiCUC
092 04 - LOCALLY ASSIGNED DEWEY CALL NUMBER (OCLC)
Classification number 445
Item number L617
Edition number 21
099 ## - LOCAL FREE-TEXT CALL NUMBER (OCLC)
Classification number 04
-- 445 L617
100 1# - MAIN ENTRY--PERSONAL NAME
Personal name Le Robert.
245 10 - TITLE STATEMENT
Title Le Robert et Nathan :
Remainder of title grammaire /
Statement of responsibility, etc. Le Robert ; Nathan.
260 ## - PUBLICATION, DISTRIBUTION, ETC.
Place of publication, distribution, etc. Paris :
Name of publisher, distributor, etc. Nathan,
Date of publication, distribution, etc. 1995
300 ## - PHYSICAL DESCRIPTION
Extent 383 p. ;
Dimensions 20 cm.
490 1# - SERIES STATEMENT
Series statement Robert & Nathan.
504 ## - BIBLIOGRAPHY, ETC. NOTE
Bibliography, etc. note Includes bibliographical references .
650 #0 - SUBJECT ADDED ENTRY--TOPICAL TERM
Topical term or geographic name entry element French language
General subdivision Grammar
700 1# - ADDED ENTRY--PERSONAL NAME
Personal name Nathan
830 #0 - SERIES ADDED ENTRY--UNIFORM TITLE
Uniform title Robert & Nathan.
902 ## - LOCAL DATA ELEMENT B, LDB (RLIN)
No. of Items 1
905 ## - LOCAL DATA ELEMENT E, LDE (RLIN)
Cataloger Jihan
Reviser Rev
905 ## - LOCAL DATA ELEMENT E, LDE (RLIN)
Cataloger Nermin
Reviser Cat.
942 ## - ADDED ENTRY ELEMENTS (KOHA)
Source of classification or shelving scheme Dewey Decimal Classification
Koha item type Books
المقتنيات
Source of classification or shelving scheme Not for loan Home library Current library Date acquired Full call number Barcode Date last seen Copy number Koha item type
Dewey Decimal Classification   المكتبة المركزبة الجديدة - جامعة القاهرة قاعة الثقاقات الاجنبية - الدور الثالث 11.02.2024 445 L617 Fre. 01000110204349000 05.07.2024 C.1 Books
Cairo University Libraries Portal Implemented & Customized by: Eng. M. Mohamady Contacts: new-lib@cl.cu.edu.eg | cnul@cl.cu.edu.eg
CUCL logo CNUL logo
© All rights reserved — Cairo University Libraries
CUCL logo
Implemented & Customized by: Eng. M. Mohamady Contact: new-lib@cl.cu.edu.eg © All rights reserved — New Central Library
CNUL logo
Implemented & Customized by: Eng. M. Mohamady Contact: cnul@cl.cu.edu.eg © All rights reserved — Cairo National University Library